Strategic and Sustainable Management of Workplace Facilities (Record no. 43755)

MARC details
001 - CONTROL NUMBER
control field 0000
003 - CONTROL NUMBER IDENTIFIER
control field 0000
005 - DATE AND TIME OF LATEST TRANSACTION
control field 20251014142210.0
020 ## - INTERNATIONAL STANDARD BOOK NUMBER
International Standard Book Number 9781032638720
040 ## - CATALOGING SOURCE
Description conventions rda
050 ## - LIBRARY OF CONGRESS CALL NUMBER
Classification number HD 62.4 .A34
100 ## - MAIN ENTRY--PERSONAL NAME
Personal name Adewunmi-Abolarinwa, Yewande
245 ## - TITLE STATEMENT
Title Strategic and Sustainable Management of Workplace Facilities
264 ## - PUBLICATION, DISTRIBUTION, ETC. (IMPRINT)
Place of publication, distribution, etc London
Name of publisher, distributor, etc Routledge
Date of publication, distribution, etc 2025
300 ## - PHYSICAL DESCRIPTION
Extent xviii,294p. ill.
336 ## - CONTENT TYPE
Source rdacontent
338 ## - CARRIER TYPE
Source rdacarrier
504 ## - BIBLIOGRAPHY, ETC. NOTE
Bibliography, etc Includes bibliographical references and index
650 ## - SUBJECT ADDED ENTRY--TOPICAL TERM
Source of heading or term
Form subdivision
General subdivision
942 ## - ADDED ENTRY ELEMENTS (KOHA)
Source of classification or shelving scheme Library of Congress Classification
Koha item type Books
Holdings
Withdrawn status Lost status Source of classification or shelving scheme Damaged status Not for loan Permanent Location Current Location Date acquired Total Checkouts Full call number Barcode Date last seen Price effective from Koha item type
    Library of Congress Classification     NILE UNIVERSITY OF NIGERIA - MAIN LIBRARY NILE UNIVERSITY OF NIGERIA - MAIN LIBRARY 10/14/2025   HD 62.4 .A34 2025 0199308 10/14/2025 10/14/2025 Books
    Library of Congress Classification     NILE UNIVERSITY OF NIGERIA - MAIN LIBRARY NILE UNIVERSITY OF NIGERIA - MAIN LIBRARY 10/14/2025   HD 62.4 .A34 2025 0199309 10/14/2025 10/14/2025 Books